[Event "36th Olympiad"]
[Site "Calvia ESP"]
[Date "2004.10.26"]
[Round "11"]
[White "Granda Zuniga,J"]
[Black "Mosquera,M"]
[Result "1-0"]
[WhiteElo "2605"]
[BlackElo "2394"]

1.d4 d5 2.Nf3 Nf6 3.g3 Bf5 4.Bg2 c6 5.O-O h6 6.c4 e6 7.Nc3 Nbd7 8.Nd2 Be7
9.e4 dxe4 10.Ndxe4 O-O 11.Be3 Nxe4 12.Nxe4 Nf6 13.f3 Qa5 14.Qd2 Qxd2 15.Nxd2 Rfd8
16.Rac1 a5 17.Rfd1 a4 18.a3 b5 19.h3 Rab8 20.f4 bxc4 21.Nxc4 Nd5 22.Bf2 Rb3
23.g4 Nxf4 24.gxf5 Ne2+ 25.Kf1 Nxc1 26.Rxc1 Bf6 27.fxe6 fxe6 28.Rd1 Kh8 29.Bxc6 Rxh3
30.Kg2 Rh5 31.Bxa4 Rdd5 32.Be3 Rh4 33.Bc6 Rdh5 34.Bf3 Rb5 35.b4 e5 36.Nd6 exd4
37.Nxb5 dxe3 38.Rd3  1-0

[Event "III Festival Olimpico"]
[Site "Salinas ECU"]
[Date "2005.02.18"]
[Round "3"]
[White "Granda Zuniga,J"]
[Black "Blatny,P"]
[Result "1-0"]
[WhiteElo "2599"]
[BlackElo "2456"]

1.d4 b6 2.e4 Bb7 3.Nd2 e6 4.c4 c5 5.d5 e5 6.Bd3 d6 7.Ne2 g6 8.O-O Bg7 9.a3 Nd7
10.b4 Ne7 11.Nb3 O-O 12.bxc5 dxc5 13.Bb2 Nc8 14.Nc3 Nd6 15.a4 a5 16.Nd2 Ba6
17.Qc2 f5 18.f3 f4 19.Ndb1 Nf6 20.Na3 Nh5 21.Rfb1 Bf6 22.Nd1 Qe8 23.Bc3 Bd8
24.Qb2 Nf7 25.Nb5 Bxb5 26.Qxb5 Qxb5 27.Rxb5 Nf6 28.g3 fxg3 29.hxg3 Nd7 30.Kg2 Bc7
31.Nf2 Rae8 32.Rh1 Bd8 33.Rb3 Bg5 34.Nd1 h5 35.Be1 Bd8 36.Nc3 Nd6 37.Nb5 Nxb5
38.Rxb5 h4 39.gxh4 Nf6 40.Bf1 Nh5 41.Rb3 Kg7 42.Rg1 Nf4+ 43.Kh2 Rh8 44.Rg4 Ref8
45.Kg1 Rh5 46.Bg3 Rf6 47.Rb2 Bc7 48.Rh2 Rh8 49.Rg5 Rh5 50.Bh3 Rxg5 51.hxg5 Rf8
52.Bg4 Bd6 53.Rb2 Rb8 54.Rd2 Rf8 55.Bh2 Rd8 56.Kf1 Re8 57.Bg1 Rd8 58.Be3 Re8
59.Kf2 Rh8 60.Kg3 Rf8 61.Be6 Rh8 62.Rb2 Rb8 63.Kg4 Nh5 64.Bf5 Nf4 65.Rh2 Bf8
66.Bxf4 gxf5+ 67.Kxf5 exf4 68.e5 Be7 69.d6 Rf8+ 70.Kg4 Bd8 71.e6 Re8 72.Re2  1-0

[Event "III Festival Olimpico"]
[Site "Salinas ECU"]
[Date "2005.02.19"]
[Round "4"]
[White "Lopez Velez,M"]
[Black "Granda Zuniga,J"]
[Result "1/2-1/2"]
[WhiteElo "2331"]
[BlackElo "2599"]

1.e4 c5 2.Nf3 d6 3.d4 cxd4 4.Nxd4 Nf6 5.Nc3 a6 6.g3 b5 7.Bg2 Bb7 8.O-O e6
9.Re1 Nfd7 10.a4 bxa4 11.Rxa4 Nb6 12.Ra1 Be7 13.Qg4 h5 14.Qe2 g6 15.h4 N8d7
16.Nb3 Qc7 17.Na5 Bc8 18.Nd5 exd5 19.exd5 Ne5 20.f4 Bg4 21.Qe4 Bf5 22.Qe2 Ng4
23.Nc6 Nc8 24.Bd2 Qb6+ 25.Kh1 O-O 26.Ba5 Qxb2 27.Nxe7+ Nxe7 28.Qxe7 Be4 29.Bxe4 Rae8
30.Qxd6 Rxe4 31.Qc5 Rfe8 32.Rab1 Rxe1+ 33.Rxe1 Rxe1+ 34.Bxe1 Qc1 35.Qc8+ Kh7
36.Qe8 Qxc2 37.Qxf7+ Kh6 38.Qf8+ Kh7 39.Qf7+ Kh6 40.Qf8+  1/2-1/2

[Event "III Festival Olimpico"]
[Site "Salinas ECU"]
[Date "2005.02.20"]
[Round "5"]
[White "Granda Zuniga,J"]
[Black "Arencibia,W"]
[Result "1-0"]
[WhiteElo "2599"]
[BlackElo "2528"]

1.d4 Nf6 2.c4 e6 3.Nc3 Bb4 4.Qc2 O-O 5.a3 Bxc3+ 6.Qxc3 d6 7.g3 a5 8.Bg2 a4
9.e3 Nbd7 10.Ne2 c5 11.O-O Qc7 12.e4 e5 13.d5 Qd8 14.b4 axb3 15.Qxb3 Qb6
16.Qa2 Qa6 17.Bd2 Nb6 18.Rfc1 h6 19.Rab1 Na4 20.Qb3 Re8 21.f3 Re7 22.Bf1 Nd7
23.g4 Nf8 24.Ng3 b6 25.Nf5 Bxf5 26.gxf5 Nd7 27.Be2 Nf6 28.Kf2 Rea7 29.Rg1 Kf8
30.Qe3 Ng8 31.f4 Re8 32.Qg3 f6 33.fxe5 fxe5 34.Qh4 Qc8 35.Rg6 Qd8 36.Qxd8 Rxd8
37.Re6 Nf6 38.Ke3 Ne8 39.Kf2 Nf6 40.Bf3 Kf7 41.Ke2 Ra6 42.Rb5 Kf8 43.Kd3 Ne8
44.Rb1 Nc7 45.Rg6 Ne8 46.Bd1 Rb8 47.Bc1 Ra7 48.Re6 Nc7 49.Rxd6 b5 50.Bc2 b4
51.Bd2 Ne8 52.Re6 bxa3 53.Rxb8 a2 54.Rexe8+ Kf7 55.d6  1-0

[Event "III Festival Olimpico"]
[Site "Salinas ECU"]
[Date "2005.02.22"]
[Round "8"]
[White "Granda Zuniga,J"]
[Black "Ricaurte Lopez,J"]
[Result "1-0"]
[WhiteElo "2599"]
[BlackElo "2333"]

1.d4 d5 2.c4 e6 3.Nc3 c5 4.cxd5 exd5 5.Nf3 Nf6 6.g3 Nc6 7.Bg2 Be7 8.O-O O-O
9.dxc5 d4 10.Na4 Bf5 11.Bd2 Be4 12.b4 Qd5 13.Qb3 d3 14.Rfe1 dxe2 15.Rxe2 Qh5
16.Rae1 Bd5 17.Qd3 Rad8 18.b5 Be4 19.Qxe4 Nxe4 20.Rxe4 Bf6 21.bxc6 bxc6 22.g4 Qd5
23.Bf4 h6 24.h4 Qxa2 25.g5 hxg5 26.hxg5 Ba1 27.Bf1 g6 28.Kg2 Bg7 29.Bc4 Qc2
30.R1e2 Qd1 31.Nb2 Qd7 32.Nd3 Qf5 33.Nde5 Bxe5 34.Bxe5 Rde8 35.Rh4 Rxe5 36.Rxe5 Qc2
37.Re1 Qc3 38.Re3 Qb2 39.Nd4 Qd2 40.Nxc6 Kg7 41.Rf4 Qd7 42.Nd4 Qc8 43.Re7 Kg8
44.Bxf7+ Rxf7 45.Rexf7  1-0

[Event "II Copa ENTEL"]
[Site "Santiago CHI"]
[Date "2005.03.15"]
[Round "2"]
[White "Granda Zuniga,J"]
[Black "Lopez Silva,H"]
[Result "1-0"]
[WhiteElo "2599"]
[BlackElo "2386"]

1.d4 Nf6 2.c4 e6 3.Nc3 c5 4.d5 exd5 5.cxd5 d6 6.h3 g6 7.Bf4 a6 8.a4 Bg7 9.e3 O-O
10.Nf3 Nh5 11.Bh2 f5 12.Be2 f4 13.Qd2 Bh6 14.e4 Kg7 15.O-O Nd7 16.Rfe1 Qe7
17.e5 Nxe5 18.Nxe5 f3 19.Qd3 fxe2 20.Nc4 Nf4 21.Bxf4 Bxf4 22.Rxe2 Qh4 23.Ne4 Bg4
24.Qc3+ Kh6 25.Re3  1-0

[Event "II Copa ENTEL"]
[Site "Santiago CHI"]
[Date "2005.03.17"]
[Round "5"]
[White "Leitao,R"]
[Black "Granda Zuniga,J"]
[Result "1-0"]
[WhiteElo "2580"]
[BlackElo "2599"]

1.e4 c5 2.Nf3 d6 3.d4 cxd4 4.Nxd4 Nf6 5.Nc3 a6 6.Be3 e6 7.f3 Be7 8.Qd2 O-O
9.O-O-O b5 10.g4 Qc7 11.Kb1 Nfd7 12.g5 Nb6 13.Qf2 N8d7 14.h4 Nc5 15.h5 b4
16.Nce2 d5 17.Nb3 Nca4 18.h6 g6 19.Bc1 dxe4 20.fxe4 e5 21.Ng3 Be6 22.Bd3 Rfd8
23.Rhf1 Bf8 24.Qe2 a5 25.Bb5 Bc4 26.Bxc4 Nxc4 27.Rd3 Na3+ 28.bxa3 Nc3+ 29.Rxc3 bxc3
30.a4 Rab8 31.Rd1 Rxd1 32.Qxd1 Rb4 33.Nf1 Rxa4 34.Ne3 Qb7 35.Qd8 Qe7 36.Qc8 Qe6
37.Qa8 f5 38.gxf6 Qxf6 39.Nd5 Qf7 40.Qc6  1-0

[Event "II Copa ENTEL"]
[Site "Santiago CHI"]
[Date "2005.03.18"]
[Round "7"]
[White "Michel,C"]
[Black "Granda Zuniga,J"]
[Result "0-1"]
[WhiteElo "2201"]
[BlackElo "2599"]

1.e4 c5 2.Nf3 d6 3.d4 cxd4 4.Qxd4 Nc6 5.Bb5 Bd7 6.Bxc6 Bxc6 7.Nc3 Nf6 8.Bg5 e6
9.O-O-O Be7 10.Rhe1 O-O 11.Qd2 Qc7 12.Nd4 Rfd8 13.f3 a6 14.g4 Rac8 15.Kb1 b5
16.h4 Bb7 17.Nce2 Kh8 18.Ng3 Ng8 19.Bxe7 Qxe7 20.g5 Qc7 21.h5 e5 22.Ndf5 d5
23.Qg2 g6 24.Ne3 d4 25.Ng4 b4 26.Rh1 a5 27.Qh2 Re8 28.hxg6 fxg6 29.Qd2 Rcd8
30.Qe2 Bc8 31.Nf2 Rf8 32.Nd3 Rf7 33.Nf1 Ne7 34.Nd2 Nc6 35.Rh4 Ba6 36.Rdh1 Qe7
37.Qh2 Rd7 38.Rh6 Bxd3 39.cxd3 Qxg5 40.Nc4 Qf6 41.Qh3 Rg7 42.Nb6 Rdf7 43.Nd5 Qd6
44.Qc8+ Nd8 45.R6h3 Rf8 46.Rc1 Ne6 47.Qc6 Qxc6 48.Rxc6 Ng5 49.Rg3 Nxf3 50.Ra6 g5
51.Rxa5 h5 52.Ra6 g4 53.Rh6+ Rh7 54.Rg6 Nd2+ 55.Kc1 Nf1 56.Rg1 Ne3 57.Nf6 Rxf6
58.Rxf6 h4 59.Rg6 h3 60.Kd2 Rc7 61.R6xg4 Rc2+ 62.Ke1 Nxg4 63.Rxg4 h2  0-1

[Event "II Copa ENTEL"]
[Site "Santiago CHI"]
[Date "2005.03.19"]
[Round "9"]
[White "Rojas,L"]
[Black "Granda Zuniga,J"]
[Result "0-1"]
[WhiteElo "2379"]
[BlackElo "2599"]

1.e4 c5 2.Nf3 d6 3.d4 cxd4 4.Nxd4 Nf6 5.Nc3 a6 6.Bc4 e6 7.Bb3 Nbd7 8.f4 Nc5
9.f5 Be7 10.O-O O-O 11.fxe6 fxe6 12.Nf5 Nxb3 13.Nxe7+ Qxe7 14.axb3 h6 15.Qd3 Bd7
16.Bf4 e5 17.Bg3 Bc6 18.Bh4 g5 19.Bg3 Kg7 20.Rad1 Rad8 21.Qe2 Qe8 22.Rd3 Qe6
23.Rdf3 Nd7 24.h4 Rxf3 25.Rxf3 Rf8 26.hxg5 hxg5 27.Qd2 Qg6 28.Rd3 Rf6 29.Bf2 Re6
30.Be3 g4 31.Bf2 Kf7 32.b4 Bxe4 33.Nxe4 Qxe4 34.Rxd6 Rxd6 35.Qxd6 Qc6 36.Qd3 Nf6
37.c3 Qe4 38.Qd2 Qf4 39.Be3 Qf5 40.Qe2 g3 41.Qf1 Kg6 42.Qe1 Ng4 43.Bc5 Qd3
44.Be7 Kh5 45.Bc5 e4 46.Qf1 Kg6 47.Qxd3 exd3 48.Kf1 Nf2 49.Be3 Ne4 50.Ke1 Kf5
51.Bb6 Ke6 52.c4 Ke5 53.b3 Kd6 54.Be3 Ke5 55.Bb6 Kd6 56.Be3 Ke6 57.Bb6 Ke5
58.Be3 Nd6 59.Kd2 Ke4 60.Bb6 Nf5 61.Kc3 Nh4 62.Bc7 Nxg2 63.Bxg3 Ke3 64.Bf2+ Ke2  0-1

[Event "II Copa ENTEL"]
[Site "Santiago CHI"]
[Date "2005.03.21"]
[Round "11"]
[White "Granda Zuniga,J"]
[Black "Llorens,M"]
[Result "1-0"]
[WhiteElo "2599"]
[BlackElo "2418"]

1.d4 c5 2.d5 e5 3.c4 d6 4.e4 Be7 5.Bd3 Na6 6.Nd2 Nc7 7.Ne2 Nf6 8.a3 O-O 9.b4 Nd7
10.O-O a6 11.Nb3 b6 12.Qd2 g6 13.Rb1 Ne8 14.Bb2 f5 15.bxc5 Nxc5 16.Nxc5 bxc5
17.exf5 gxf5 18.f4 e4 19.Bc2 Bf6 20.Bc3 Rf7 21.Ba4 Bd7 22.Bxd7 Qxd7 23.Rb6 Qa4
24.Bxf6 Nxf6 25.Qc3 e3 26.Ng3 e2 27.Nxe2 Ne4 28.Qd3 Re8 29.Ng3 Qa5 30.Rb2 Nxg3
31.Qxg3+ Rg7 32.Qd3 Re4 33.h3 h6 34.Kh2 Qd8 35.Re2 Rxe2 36.Qxe2 Qh4 37.Qe6+ Kh8
38.Rf3  1-0

[Event "Huila Centenary"]
[Site "Neiva COL"]
[Date "2005.05.10"]
[Round "1"]
[White "Granda Zuniga,J"]
[Black "Contreras,H"]
[Result "1-0"]
[WhiteElo "2608"]
[BlackElo "2323"]

1.Nf3 Nf6 2.c4 e6 3.Nc3 d5 4.cxd5 exd5 5.d4 c6 6.Bg5 Be7 7.e3 Bf5 8.Be2 Nbd7
9.O-O O-O 10.Nd2 Re8 11.Rc1 Nb6 12.Na4 Ne4 13.Bxe7 Rxe7 14.Nxe4 Bxe4 15.Nc5 Nc8
16.Nxe4 Rxe4 17.b4 a6 18.a4 Ne7 19.b5 cxb5 20.axb5 a5 21.Rc3 b6 22.Qc2 Re6
23.Rc1 Rd6 24.Bd1 g6 25.Qe2 Rc8 26.Rxc8 Nxc8 27.Qf3 Ne7 28.g4 h6 29.h4 Kg7
30.Qf4 f6 31.g5 hxg5 32.hxg5 fxg5 33.Qe5+ Kf7 34.Bg4 Rf6 35.Kg2 Qd6 36.Rc7 Kf8
37.Rd7 Qxe5 38.dxe5 Rf7 39.Be6 Rh7 40.Bxd5 Rh4 41.Rd8+ Kg7 42.e4 Rh8 43.Rd7 Re8
44.Bb3 Kf8 45.Rb7 Nc8 46.Rf7+ Kg8 47.Rc7+ Kf8 48.Rc6 Kg7 49.f4 Kh6 50.Kg3 Kg7
51.Be6 Na7 52.Rxb6 Kh6 53.Bf7  1-0

[Event "Huila Centenary"]
[Site "Neiva COL"]
[Date "2005.05.11"]
[Round "2"]
[White "Garcia,Gild"]
[Black "Granda Zuniga,J"]
[Result "1/2-1/2"]
[WhiteElo "2452"]
[BlackElo "2608"]

1.e4 c5 2.Nf3 d6 3.d4 cxd4 4.Nxd4 Nf6 5.Nc3 a6 6.Bg5 e6 7.f4 Nbd7 8.Qf3 Qc7
9.O-O-O Be7 10.Bd3 b5 11.Rhe1 Bb7 12.Qg3 b4 13.Nd5 exd5 14.exd5 Kd8 15.Rxe7 Kxe7
16.Nf5+ Kd8 17.Bh4 Qc5 18.Qxg7 Kc7 19.Bxf6 Rhg8 20.Bd4 Rxg7 21.Bxc5 Nxc5
22.Nxg7 Rg8 23.Nh5 Rxg2 24.Bf5 Bc8 25.Bxc8 Kxc8 26.Rd2  1/2-1/2

[Event "Huila Centenary"]
[Site "Neiva COL"]
[Date "2005.05.11"]
[Round "3"]
[White "Granda Zuniga,J"]
[Black "Cordova,Em"]
[Result "1-0"]
[WhiteElo "2608"]
[BlackElo "2384"]

1.d4 Nf6 2.c4 e6 3.Nc3 b6 4.Nf3 Bb7 5.e3 Bb4 6.Bd3 O-O 7.O-O Bxc3 8.bxc3 Ne4
9.Ba3 d6 10.d5 e5 11.Qc2 f5 12.Bxe4 fxe4 13.Qxe4 Qf6 14.Nd2 Nd7 15.Qd3 Rae8
16.e4 Qg6 17.Rae1 Nf6 18.Bc1 Nh5 19.f3 Bc8 20.Nb1 Nf4 21.Bxf4 exf4 22.Rf2 Qh5
23.h3 Rf6 24.Kf1 Rg6 25.Ree2 Re5 26.Ke1 Rg3 27.Nd2 Bd7 28.Nb1 Qe8 29.Nd2 Qd8
30.Qc2 Qc8 31.Qb3 Qa6 32.Nf1 Rg6 33.Qb4 Qc8 34.Qa3 h5 35.Rd2 a5 36.c5 dxc5
37.c4 Rd6 38.Qc3 Qe8 39.h4 b5 40.Qxa5 Rb6 41.Rb2 Qe7 42.cxb5 Kh7 43.Qd2 Bxb5
44.Qxf4 Rxd5 45.Ne3 Rd3 46.Rfd2 Rxe3+ 47.Qxe3 Qxh4+ 48.Rf2 Qh1+ 49.Kd2 Rd6+
50.Kc3 Rd3+ 51.Qxd3 Bxd3 52.Kxd3 Qd1+ 53.Rfd2 Qf1+ 54.Re2 Qd1+ 55.Kc4 Qd4+
56.Kb5 Qd6 57.Red2 c6+ 58.Kc4 Qe5 59.a4 Qc7 60.Ra2 Qa5 61.Rdc2 Kg6 62.Kd3 Kg5
63.Rc4 Kf4 64.Rac2 Qa6 65.Kc3 h4 66.Kb3 h3 67.gxh3 Kxf3 68.e5 Qb7+ 69.Ka2 Qf7
70.Ka3 Ke3 71.R2c3+ Kd2 72.Rxc5 Qf1 73.Rxc6  1-0

[Event "Huila Centenary"]
[Site "Neiva COL"]
[Date "2005.05.15"]
[Round "9"]
[White "Tiviakov,S"]
[Black "Granda Zuniga,J"]
[Result "1/2-1/2"]
[WhiteElo "2631"]
[BlackElo "2608"]

1.e4 c6 2.d4 d5 3.Nd2 dxe4 4.Nxe4 Bf5 5.Ng3 Bg6 6.Bc4 e6 7.N1e2 Nf6 8.Nf4 Bd6
9.Bb3 Qc7 10.Qf3 a5 11.Nxg6 hxg6 12.c3 Nbd7 13.O-O  1/2-1/2

[Event "Berman Hillman"]
[Site "Santa Cruz BOL"]
[Date "2005.06.08"]
[Round "2"]
[White "Granda Zuniga,J"]
[Black "Pacheco,D"]
[Result "1/2-1/2"]
[WhiteElo "2599"]
[BlackElo "2343"]

1.Nf3 Nf6 2.c4 g6 3.g3 Bg7 4.Bg2 d6 5.d4 O-O 6.O-O Nbd7 7.Nc3 e5 8.e4 Re8
9.h3 c6 10.Re1 exd4 11.Nxd4 a5  1/2-1/2

[Event "Berman Hillman"]
[Site "Santa Cruz BOL"]
[Date "2005.06.09"]
[Round "4"]
[White "Ferrufino,B"]
[Black "Granda Zuniga,J"]
[Result "0-1"]
[WhiteElo "2228"]
[BlackElo "2599"]

1.d4 Nf6 2.Nf3 b6 3.Nbd2 Bb7 4.e3 c5 5.Bd3 g6 6.O-O Bg7 7.Re1 O-O 8.c3 d5
9.Nf1 Nbd7 10.Ng3 Ne4 11.Bxe4 dxe4 12.Ng5 Nf6 13.Qc2 Qd5 14.N5xe4 Nxe4 15.c4 Qd7
16.Nxe4 cxd4 17.exd4 Qxd4 18.Rb1 Rfd8 19.Ng3 e5 20.Be3 Qd3 21.Qa4 Qd7 22.Qc2 Qc6
23.f3 f5 24.Bf2 Rd7 25.b4 Rc8 26.c5 b5 27.Re2 Rcd8 28.Be1 Rd3 29.Bc3 Qd5
30.Ba1 Rd1+ 31.Re1 Rd2 32.Qb3 Qxb3 33.axb3 R8d5 34.Nf1 Ra2 35.Bb2 f4 36.Ba1 Kf7
37.Rbd1 Ke6 38.Bc3 Rc2 39.Ba1 Bc6 40.Rb1 Bf6 41.Rb2 Rxb2 42.Bxb2 Rd3 43.Bc1 Rxb3
44.Bd2 g5 45.Ra1 e4 46.Ra6 Bd4+ 47.Kh1 Kd7 48.Rxa7+ Kc8  0-1

[Event "Berman Hillman"]
[Site "Santa Cruz BOL"]
[Date "2005.06.10"]
[Round "5"]
[White "Granda Zuniga,J"]
[Black "Molina,Jo"]
[Result "1-0"]
[WhiteElo "2599"]
[BlackElo "2226"]

1.e4 c6 2.d4 d5 3.Nd2 dxe4 4.Nxe4 Bf5 5.Ng3 Bg6 6.Bc4 e6 7.N1e2 Nf6 8.Nf4 Bd6
9.Bb3 Qc7 10.Qf3 a5 11.a4 Nbd7 12.c3 e5 13.Nxg6 hxg6 14.Be3 O-O 15.O-O exd4
16.Bxd4 Ne5 17.Qe2 Rae8 18.Qc2 c5 19.Bxe5 Rxe5 20.Rad1 Qe7 21.Qxg6 Nd5 22.Rxd5  1-0

[Event "Berman Hillman"]
[Site "Santa Cruz BOL"]
[Date "2005.06.10"]
[Round "6"]
[White "Leskovar,Mar"]
[Black "Granda Zuniga,J"]
[Result "1/2-1/2"]
[WhiteElo "2366"]
[BlackElo "2599"]

1.e4 g6 2.d4 Bg7 3.Nc3 c6 4.Nf3 d5 5.h3 dxe4 6.Nxe4 Nd7 7.Bc4 Ngf6 8.Nxf6+ Nxf6
9.O-O O-O 10.Re1 Bf5 11.Bg5 Be4 12.Ne5 Bd5 13.Bf1 Ne4 14.Bf4 f6 15.Nd3 e5
16.dxe5 fxe5 17.Be3 Nd6 18.Nb4 Nf5 19.Bc5 Re8 20.Nxd5 Qxd5 21.Qxd5+ cxd5
22.c3 Bf8 23.Bxf8 Kxf8 24.Rad1 Rad8 25.Rd2 Re6 26.Bd3 Ke7 27.Bc2 Kf6 28.Bb3 Red6
29.Red1  1/2-1/2

[Event "Berman Hillman"]
[Site "Santa Cruz BOL"]
[Date "2005.06.12"]
[Round "9"]
[White "Granda Zuniga,J"]
[Black "Campero,R"]
[Result "1-0"]
[WhiteElo "2599"]
[BlackElo "2244"]

1.Nf3 g6 2.g3 Bg7 3.d4 d6 4.Bg2 Nf6 5.c4 O-O 6.Nc3 Nc6 7.O-O Bf5 8.b3 Ne4
9.Bb2 Rb8 10.Nd5 b5 11.cxb5 Rxb5 12.Ne3 Qd7 13.g4 Nxf2 14.Rxf2 Bxg4 15.Nxg4 Qxg4
16.e3 Bh6 17.Qe2 Rbb8 18.Nd2 Qxe2 19.Rxe2 Nb4 20.Nc4 Rb5 21.Bc3 Nd5 22.Bd2 Nf6
23.Rc1 c5 24.Na3 Rb6 25.dxc5 Ra6 26.c6 d5 27.Bb4 Ng4 28.c7 Rc8 29.Bxd5  1-0

[Event "American Continental"]
[Site "Buenos Aires ARG"]
[Date "2005.08.06"]
[Round "1"]
[White "Granda Zuniga,J"]
[Black "Utman,C"]
[Result "1-0"]
[WhiteElo "2601"]
[BlackElo "2341"]

1.e4 e5 2.Nf3 Nc6 3.Bb5 a6 4.Ba4 Nf6 5.O-O Be7 6.Re1 b5 7.Bb3 O-O 8.d3 d6
9.a4 Bg4 10.c3 Na5 11.Bc2 c5 12.h3 Bd7 13.Nbd2 h6 14.Nf1 Re8 15.N3h2 b4 16.Ne3 Bf8
17.Nhg4 Nxg4 18.hxg4 Be6 19.cxb4 cxb4 20.d4 exd4 21.Qxd4 d5 22.Rd1 Nc6 23.Qd3 d4
24.Nf5 Ne5 25.Qg3 Bxf5 26.gxf5 Qf6 27.f4 d3 28.Bb1 Bc5+ 29.Kh1 Nc6 30.Bxd3 Rad8
31.e5 Nxe5 32.fxe5 Qxe5 33.Qxe5 Rxe5 34.Bf4 Red5 35.Bc2 Rxd1+ 36.Rxd1 Rxd1+
37.Bxd1 Bb6 38.g4 a5 39.Kg2 Kf8 40.Kf3 Ke7 41.Ke4 Kd7 42.Bb3 f6 43.Kd5  1-0

[Event "American Continental"]
[Site "Buenos Aires ARG"]
[Date "2005.08.08"]
[Round "3"]
[White "Granda Zuniga,J"]
[Black "Gurevich,D"]
[Result "1-0"]
[WhiteElo "2601"]
[BlackElo "2515"]

1.d4 Nf6 2.c4 c5 3.d5 b5 4.cxb5 a6 5.bxa6 g6 6.Nc3 Bxa6 7.g3 d6 8.Bg2 Bg7
9.Nf3 Nbd7 10.O-O O-O 11.Qc2 Ra7 12.Rd1 Qa8 13.e4 Ng4 14.Rb1 Nde5 15.Ne1 f5
16.h3 Nh6 17.f4 Nc4 18.b3 Nb6 19.e5 dxe5 20.fxe5 Qb8 21.Nf3 Nf7 22.e6 Ne5
23.Bf4 Nxf3+ 24.Bxf3 Be5 25.Qd2 g5 26.Bxe5 Qxe5 27.Kg2 h6 28.Re1 Qd4 29.Rbd1 Qxd2+
30.Rxd2 Nc8 31.g4 Nd6 32.gxf5 Nxf5 33.Be4 Nd6 34.Bc2 Bb7 35.a4 Ra6 36.Ne4 Nxe4
37.Bxe4 Rd8 38.Kg3 Rb6 39.Re3 Ba6 40.Rc2 Rdb8 41.Rxc5 Rxb3 42.Rxb3 Rxb3+
43.Kg4 Kg7 44.Kf5 Bd3 45.Rc8 Bxe4+ 46.Kxe4 Rb4+ 47.Kf5 Rf4+ 48.Ke5 Rf1 49.d6 Re1+
50.Kf5 exd6 51.Rc7+ Kf8 52.a5 Rf1+ 53.Kg6 Ra1 54.Ra7 Re1 55.e7+ Ke8 56.a6 d5
57.Kf6 Rf1+ 58.Ke6 Re1+ 59.Kd6  1-0

[Event "American Continental"]
[Site "Buenos Aires ARG"]
[Date "2005.08.10"]
[Round "5"]
[White "Granda Zuniga,J"]
[Black "Bruzon,L"]
[Result "1/2-1/2"]
[WhiteElo "2601"]
[BlackElo "2662"]

1.d4 Nf6 2.c4 e6 3.Nc3 Bb4 4.Qc2 O-O 5.a3 Bxc3+ 6.Qxc3 b6 7.Nf3 Bb7 8.g3 d5
9.Bg2 Nbd7 10.O-O c5 11.cxd5 Nxd5 12.Qd3 Qc8 13.Re1 N5f6 14.Be3 Be4 15.Qd2 Qb7
16.Rac1 Rfc8 17.Red1 Bd5 18.Ne1 Bxg2 19.Nxg2 h6 20.dxc5 Nxc5 21.Bxc5 Ne4
22.Qe3 Nxc5 23.Nf4 Qe7 24.b4 Nd7 25.Nd5 Qd8 26.Nc3 Qe7  1/2-1/2

[Event "American Continental"]
[Site "Buenos Aires ARG"]
[Date "2005.08.11"]
[Round "6"]
[White "Shabalov,A"]
[Black "Granda Zuniga,J"]
[Result "0-1"]
[WhiteElo "2593"]
[BlackElo "2601"]

1.e4 e5 2.Nf3 Nc6 3.d4 exd4 4.Nxd4 Nf6 5.Nxc6 bxc6 6.e5 Qe7 7.Qe2 Nd5 8.c4 Ba6
9.b3 g6 10.f4 Bg7 11.Qf2 Nf6 12.Ba3 Ng4 13.Qe2 Qe6 14.Nc3 O-O-O 15.h3 Nh6
16.O-O-O d6 17.Ne4 Qf5 18.exd6 Qxf4+ 19.Rd2 Nf5 20.g3 Nxg3 21.Nxg3 Qxg3 22.Qg4+ Qxg4
23.hxg4 Be5 24.Rf2 cxd6 25.Rxf7 Rd7 26.Rxd7 Kxd7 27.Bb2 Ke6 28.Bg2 c5 29.Rf1 Bxb2+
30.Kxb2 Bc8 31.a3 Ke5 32.g5 h6 33.gxh6 Rxh6 34.Bd5 Rh2+ 35.Kc3 Rh3+ 36.Kb2 Bf5
37.b4 Kd4 38.Rf2 Re3 39.b5 Re1 40.a4 Rb1+ 41.Ka2 Rb4 42.Ka3 Bd3 43.Rf4+ Kc3
44.a5 Rb3+ 45.Ka2 Rb2+ 46.Ka3 Rb3+ 47.Ka2 Kb4 48.a6 g5 49.Rg4 Ra3+ 50.Kb2 Rb3+
51.Ka2 Bb1+ 52.Ka1 Ka3 53.Rxg5 Bd3  0-1

[Event "50th Ann Festival GM"]
[Site "Villa Martelli ARG"]
[Date "2005.08.18"]
[Round "2"]
[White "Leitao,R"]
[Black "Granda Zuniga,J"]
[Result "1/2-1/2"]
[WhiteElo "2598"]
[BlackElo "2601"]

1.e4 e5 2.Nf3 Nc6 3.Bb5 Nf6 4.O-O Nxe4 5.d4 Nd6 6.Bxc6 dxc6 7.dxe5 Nf5 8.Qxd8+ Kxd8
9.Nc3 Ne7 10.h3 h6 11.Be3 Bf5 12.Rad1+ Ke8 13.Nd4 Bd7 14.f4 Nd5 15.Nxd5 cxd5
16.Nb3 Bf5 17.Rxd5 Bxc2 18.Rc1 c6 19.Rd4 Bxb3 20.axb3 a6 21.Kf2 Rd8 22.Rcd1 Rxd4
23.Bxd4 Bb4 24.Kf3 Ke7 25.Bb6 g6 26.Ke4 h5 27.g3  1/2-1/2

[Event "50th Ann Festival GM"]
[Site "Villa Martelli ARG"]
[Date "2005.08.19"]
[Round "3"]
[White "Granda Zuniga,J"]
[Black "Felgaer,R"]
[Result "1-0"]
[WhiteElo "2601"]
[BlackElo "2618"]

1.d4 d5 2.c4 c6 3.Nf3 Nf6 4.Nc3 dxc4 5.a4 Bf5 6.e3 e6 7.Bxc4 Bb4 8.O-O O-O
9.Qe2 Bg6 10.Ne5 Nbd7 11.Nxg6 hxg6 12.Rd1 Qa5 13.Qc2 Rad8 14.Na2 Bd6 15.h3 Qh5
16.Qe2 Qh4 17.Bd2 g5 18.Be1 Qh6 19.e4 e5 20.d5 Bc5 21.dxc6 bxc6 22.Nb4 Rc8
23.Rac1 a5 24.Nd3 Bb6 25.b4 g4 26.hxg4 Qh4 27.Qf3 Nxg4 28.Qh3 Qg5 29.Nc5 Ndf6
30.Ne6 Qg6 31.Nxf8 Rxf8 32.bxa5 Bd4 33.Be2 Qxe4 34.Bxg4 Nxg4 35.Qf3 Qg6 36.Rxc6 Qh5
37.Rdc1 Qh2+ 38.Kf1 Qh1+ 39.Ke2 Nh2 40.Bb4  1-0

[Event "50th Ann Festival GM"]
[Site "Villa Martelli ARG"]
[Date "2005.08.24"]
[Round "7"]
[White "Granda Zuniga,J"]
[Black "Leitao,R"]
[Result "1-0"]
[WhiteElo "2601"]
[BlackElo "2598"]

1.d4 d5 2.c4 c6 3.Nf3 Nf6 4.Nc3 a6 5.c5 Nbd7 6.Bf4 Nh5 7.Bd2 Nhf6 8.b4 g6
9.Qc1 Bg7 10.Bh6 Bxh6 11.Qxh6 a5 12.b5 cxb5 13.e4 dxe4 14.Ng5 a4 15.Bxb5 Qa5
16.Rc1 Qb4 17.O-O Qxd4 18.Qg7 Rf8 19.Nxh7  1-0

[Event "50th Ann Festival GM"]
[Site "Villa Martelli ARG"]
[Date "2005.08.25"]
[Round "8"]
[White "Felgaer,R"]
[Black "Granda Zuniga,J"]
[Result "1/2-1/2"]
[WhiteElo "2618"]
[BlackElo "2601"]

1.e4 c5 2.Nf3 d6 3.d4 cxd4 4.Nxd4 Nf6 5.Nc3 a6 6.g3 e5 7.Nb3 Be7 8.Bg2 O-O
9.O-O Nbd7 10.a4 Nb6 11.a5 Nc4 12.Qe2 Qc7 13.Ra4 b5 14.axb6 Nxb6 15.Ra1 Be6
16.Rd1 Rfc8 17.Na5 Nc4 18.Nxc4 Bxc4 19.Qe1 h6 20.Bd2 Qb7 21.b3 Be6 22.Rdc1 Bd8
23.Na4 Bd7 24.Ba5 Bc6 25.Nc3 Bxa5 26.Rxa5 Qc7 27.Nd5 Bxd5 28.exd5 Qb6 29.b4 e4
30.c4 Rab8 31.c5 Qxb4 32.Qxb4 Rxb4 33.c6 Rd4 34.Re1 Nxd5 35.Bxe4 Re8 36.Bh7+ Kf8
37.Rxe8+ Kxe8 38.Rxa6  1/2-1/2

[Event "UNI Semirapid Match"]
[Site "Ingenieria PER"]
[Date "2005.09.19"]
[Round "1"]
[White "Granda Zuniga,J"]
[Black "Cordova,Em"]
[Result "1-0"]
[WhiteElo "2601"]
[BlackElo "2422"]

1.d4 Nf6 2.c4 e6 3.Nf3 b6 4.g3 Ba6 5.b3 Bb4+ 6.Bd2 Be7 7.Bg2 c6 8.O-O O-O
9.Bc3 d5 10.Ne5 Nfd7 11.Nxd7 Nxd7 12.Nd2 Rc8 13.Re1 b5 14.c5 e5 15.e3 Ra8
16.dxe5 Nxc5 17.Qb1 Rb8 18.Rc1 Ne6 19.b4 d4 20.exd4 Nxd4 21.Qe4 Ne6 22.Nb3 c5
23.Na5 Qc7 24.bxc5 Bxc5 25.Qc6 Qxc6 26.Nxc6 Rbc8 27.Nb4 Bxb4 28.Bxb4 Rxc1+
29.Rxc1 Rc8 30.Rd1 h6 31.f4 g6 32.a3 Rc7 33.Bf1 Bb7 34.Bxb5 Rc2 35.Bf1 h5
36.Rd2 Rc1 37.Kf2 h4 38.Bg2 hxg3+ 39.hxg3 Bxg2 40.Kxg2 Ra1 41.Be7 Rc1 42.Rb2 Rc8
43.Rb7 Ra8 44.a4 a5 45.Kf3 Nd4+ 46.Ke4 Nf5 47.Bc5 Nxg3+ 48.Kd5 Nh5 49.Be3 Ng7
50.Kc6 Nf5 51.Bd2 Rd8 52.Bxa5 Rd4 53.Rb4 Rd3 54.Bb6 Ne7+ 55.Kb7 Nd5 56.Rd4 Rxd4
57.Bxd4 Nxf4 58.a5 Ne6 59.Bb6  1-0

[Event "UNI Semirapid Match"]
[Site "Ingenieria PER"]
[Date "2005.09.19"]
[Round "2"]
[White "Cordova,Em"]
[Black "Granda Zuniga,J"]
[Result "0-1"]
[WhiteElo "2422"]
[BlackElo "2601"]

1.d4 d5 2.Nf3 Nf6 3.c4 c6 4.Nc3 e6 5.Bg5 h6 6.Bxf6 Qxf6 7.a3 dxc4 8.Ne5 Nd7
9.Nxc4 Qd8 10.g3 b5 11.Ne3 Bb7 12.Bg2 Qb6 13.O-O Be7 14.a4 a6 15.a5 Qa7 16.Nc2 Rd8
17.Qc1 c5 18.d5 exd5 19.Nxd5 Bxd5 20.Bxd5 O-O 21.Ne3 c4 22.Qc3 Bf6 23.Qc2 Nc5
24.Rad1 Qe7 25.Nf5 Qe5 26.f4 Qxb2 27.Ne7+ Kh8 28.Qxb2 Bxb2 29.Bxf7 g5 30.Ng6+ Kg7
31.Nxf8 Rxd1 32.Rxd1 Kxf7 33.Nd7 Nb3 34.Kf2 Ke8 35.Ke3 c3 36.Nf6+ Kf7 37.fxg5 c2
38.Rd7+ Kg6 39.Rc7 c1=Q+ 40.Rxc1 Bxc1+ 41.Ke4 hxg5 42.Nd5 Bd2 43.Nc7 Nc5+
44.Kd5 Bxa5 45.Ne8 b4 46.Kc4 b3  0-1

[Event "WCC"]
[Site "Khanty Mansyisk RUS"]
[Date "2005.11.27"]
[Round "1.1"]
[White "Ivanov,AV USA"]
[Black "Granda Zuniga,J"]
[Result "1-0"]
[WhiteElo "2589"]
[BlackElo "2637"]

1.e4 c5 2.Nf3 d6 3.d4 cxd4 4.Nxd4 Nf6 5.Nc3 a6 6.Bc4 e6 7.Bb3 Nc6 8.f4 d5
9.e5 Nxd4 10.Qxd4 Nd7 11.Be3 Bc5 12.Qd2 Qb6 13.Bxc5 Nxc5 14.Na4 Qc6 15.Nxc5 Qxc5
16.c3 Bd7 17.Qd4 b6 18.O-O Bb5 19.Rfd1 Rc8 20.a4 Be2 21.Rd2 Bg4 22.Bc2 g6
23.Qf2 Qxf2+ 24.Kxf2 Bf5 25.Bd1 Be4 26.Be2 a5 27.g4 Ke7 28.h4 f6 29.exf6+ Kxf6
30.Ke3 e5 31.Rf1 Rhf8 32.Ba6 exf4+ 33.Rxf4+ Ke5 34.Rxe4+ dxe4 35.Bxc8 Rxc8
36.Rd4 h5 37.Rxe4+ Kf6 38.g5+ Kf5 39.Rf4+ Ke5 40.Re4+ Kf5 41.Rd4 Ke5 42.c4  1-0